000
00306nam a22001217a 4500
008
180518b xxu||||| |||| 00| 0 eng d
041
_a
eng
080
_a
043.3
100
_a
0
101
_a
ARK-BA
245
_a
Projektimi i Nderteses Industriale Fabrike per Dyer dhe Dritare
_c
Shala, A
942
_2
udc
_c
BK
999
_c
45972
_d
45972